Cartas eruditas y críticas / (Record no. 152883)
[ view plain ]
| 000 -LEADER | |
|---|---|
| campo de control de longitud fija | 01175nam a2200229 i 4500 |
| 001 - NÚMERO DE CONTROL | |
| campo de control | 152883 |
| 003 - IDENTIFICADOR DE NÚMERO DE CONTROL | |
| campo de control | ES-MaACL |
| 005 - FECHA Y HORA DE LA ÚLTIMA TRANSACCIÓN | |
| campo de control | 20230906204918.0 |
| 008 - DATOS DE LONGITUD FIJA--INFORMACIÓN GENERAL | |
| campo de control de longitud fija | 931025q1775 sp |||| | spa d |
| 100 1# - ENTRADA PRINCIPAL--NOMBRE DE PERSONA | |
| Nombre de persona | Burriel, Andrés Marcos. |
| 9 (RLIN) | 32769 |
| 245 10 - MENCIÓN DEL TÍTULO | |
| Título | Cartas eruditas y críticas / |
| Mención de responsabilidad, etc. | del P. Andres Marcos Burriel, de la extinguida Compañía de Jesus ; dalas a luz ... Antonio Valladares de Sotomayor. |
| 260 ## - PUBLICACIÓN, DISTRIBUCIÓN, ETC. | |
| Lugar de publicación, distribución, etc. | [Madrid] : |
| Nombre del editor, distribuidor, etc. | en la Imprenta de la Viuda é hijo de Marin, |
| Fecha de publicación, distribución, etc. | [1775?] |
| 300 ## - DESCRIPCIÓN FÍSICA | |
| Extensión | [2], 288 [i.e. 292] p. ; |
| Dimensiones | 4º (20 cm) |
| 500 ## - NOTA GENERAL | |
| Nota general | En p. 1, nota del editor: "la publicación que hicimos de las dichas Cartas en nuestro Semanario Erudito". Este semanario se edita a partir de 1787. |
| 530 ## - NOTA DISPONIBLE DE FORMULARIO FÍSICO ADICIONAL | |
| Nota de formato físico adicional disponible | Disponible en formato digital. |
| 596 ## - NOTA AL PIE DE IMPRENTA | |
| NOTA AL PIE DE IMPRENTA | A. Palau, II, 37569, lo supone impreso en 1775. |
| 597 ## - NOTA DE DESCRIPCIÓN FÍSICA | |
| NOTA DE DESCRIPCIÓN FÍSICA | Sign.: Sign.: [ ]¹, A-Z4, Aa-Nn4, Oo². |
| 597 ## - NOTA DE DESCRIPCIÓN FÍSICA | |
| NOTA DE DESCRIPCIÓN FÍSICA | Error de pag., duplicada la numeración de las p. 285-288. |
| 700 1# - ENTRADA AGREGADA--NOMBRE PERSONAL | |
| Nombre de persona | Valladares de Sotomayor, Antonio. |
| 9 (RLIN) | 112732 |
| 852 ## - LOCALIZACIÓN | |
| Ubicación | ES-MaACL |
| Número de control de estantería | R-1078 |
| Nota libre | - Enc. pasta española |
| Encuadernación | Olim: G-9804 |
| 856 ## - LOCALIZACIÓN Y ACCESO ELECTRÓNICOS | |
| Identificador Uniforme de Recursos | <a href="http://bdh-rd.bne.es/viewer.vm?id=0000122509&page=1 ">http://bdh-rd.bne.es/viewer.vm?id=0000122509&page=1 </a> |
| Nota pública | Biblioteca Digital Hispánica |
| Estatus retirado | Estado de pérdida | Estado de daño | No para préstamo | Colección | Biblioteca de origen | Biblioteca actual | Ubicación en estantería | Fecha de adquisición | Fuente de adquisición | Total de préstamos | Signatura topográfica completa | Código de barras | Visto por última vez | Precio de reemplazo | Tipo de ítem Koha |
|---|---|---|---|---|---|---|---|---|---|---|---|---|---|---|---|
| Colección digital | Biblioteca del Ateneo de Madrid | Biblioteca del Ateneo de Madrid | Depósito | 17/01/2008 | R-1078 | 1159681 | 23/02/2023 | 23/02/2023 | Libro impreso antiguo |
